|
|
|
|
| LEADER |
01655nam a22004452i 4500 |
| 001 |
001578826 |
| 003 |
CZ BrMZK |
| 005 |
20190325124908.0 |
| 007 |
ta |
| 008 |
170529s1966 gw er|||||||||||ger d |
| 040 |
|
|
|a BOA001
|b cze
|e rda
|
| 072 |
|
7 |
|a 2-23/-27
|x Bible. Biblistika
|2 Konspekt
|9 5
|
| 080 |
|
|
|a 27-247.8
|2 MRF
|
| 080 |
|
|
|a 27-277.2
|2 MRF
|
| 080 |
|
|
|a 27-278
|2 MRF
|
| 080 |
|
|
|a 801.73
|2 MRF
|
| 080 |
|
|
|a 2-276.7
|2 MRF
|
| 080 |
|
|
|a 27-276
|2 MRF
|
| 080 |
|
|
|a (043.3)
|2 MRF
|
| 100 |
1 |
|
|a Dibelius, Martin,
|d 1883-1947
|7 skuk0000315
|4 aut
|
| 245 |
1 |
4 |
|a Die Formgeschichte des Evangeliums /
|c Martin Dibelius ; herausgegeben von Günther Bornkamm
|
| 250 |
|
|
|a 5. Auflage, 2. photomechanischer Nachdruck der dritten, durchgesehenen Auflage
|b mit einem Nachtrag von Gerhard Iber
|
| 264 |
|
1 |
|a Tübingen :
|b J.C.B. Mohr (Paul Siebeck),
|c 1966
|
| 300 |
|
|
|a v, 327 stran
|
| 336 |
|
|
|a text
|b txt
|2 rdacontent
|
| 337 |
|
|
|a bez média
|b n
|2 rdamedia
|
| 338 |
|
|
|a svazek
|b nc
|2 rdacarrier
|
| 630 |
0 |
4 |
|a Bible.
|p Evangelia
|7 unn2006374683
|
| 650 |
0 |
7 |
|a biblická hermeneutika
|7 ph118846
|2 czenas
|
| 650 |
0 |
7 |
|a biblická exegeze
|7 ph118844
|2 czenas
|
| 650 |
0 |
7 |
|a biblická teologie
|7 ph118851
|2 czenas
|
| 650 |
0 |
7 |
|a textová analýza
|7 ph126628
|2 czenas
|
| 650 |
0 |
7 |
|a historická kritika Bible
|7 ph138434
|2 czenas
|
| 650 |
0 |
7 |
|a literární kritika Bible
|7 ph138433
|2 czenas
|
| 655 |
|
7 |
|a monografie
|7 fd132842
|2 czenas
|
| 700 |
1 |
|
|a Bornkamm, Günther,
|d 1905-1990
|7 skuk0000145
|4 edt
|
| 910 |
|
|
|a BOA001
|b M2-1388.536
|
| 990 |
|
|
|a BK
|
| 991 |
|
|
|b 201706
|
| 996 |
7 |
|
|b 2610707349
|c M2-1388.536
|l MZK
|r Sklad / do 24 hodin
|n 0
|p dar
|w 001614250
|u 000010
|a 1
|e BOA001
|j MZK50
|s A
|